<?xml version="1.0" encoding="UTF-8"?>
<record
    xmlns:xsi="http://www.w3.org/2001/XMLSchema-instance"
    xsi:schemaLocation="http://www.loc.gov/MARC21/slim http://www.loc.gov/standards/marcxml/schema/MARC21slim.xsd"
    xmlns="http://www.loc.gov/MARC21/slim">

  <leader>00765cam a2200241 i 4500</leader>
  <datafield tag="999" ind1=" " ind2=" ">
    <subfield code="c">7117</subfield>
    <subfield code="d">7117</subfield>
  </datafield>
  <datafield tag="020" ind1=" " ind2=" ">
    <subfield code="a">9789869379267</subfield>
    <subfield code="c">&#x65B0;&#x81FA;&#x5E63;300&#x5143;</subfield>
  </datafield>
  <datafield tag="100" ind1="1" ind2=" ">
    <subfield code="a">&#x9EC3;&#x4F73;&#x8208;</subfield>
  </datafield>
  <datafield tag="245" ind1="1" ind2="0">
    <subfield code="a">&#x5E78;&#x798F;&#x7AF6;&#x722D;&#x529B; :</subfield>
    <subfield code="b">21&#x4E16;&#x7D00;&#x4E0D;&#x53EF;&#x6216;&#x7F3A;&#x7684;&#x80FD;&#x529B; /</subfield>
    <subfield code="c">&#x9EC3;&#x4F73;&#x8208;&#x8457;</subfield>
  </datafield>
  <datafield tag="250" ind1=" " ind2=" ">
    <subfield code="a">&#x521D;&#x7248;</subfield>
  </datafield>
  <datafield tag="260" ind1=" " ind2=" ">
    <subfield code="a">&#x81FA;&#x5317;&#x5E02; :</subfield>
    <subfield code="b">&#x5E03;&#x514B;&#x6587;&#x5316;&#x51FA;&#x7248; :</subfield>
    <subfield code="b">&#x5BB6;&#x5EAD;&#x50B3;&#x5A92;&#x57CE;&#x90A6;&#x5206;&#x516C;&#x53F8;&#x767C;&#x884C;,</subfield>
    <subfield code="c">&#x6C11;106[2017]</subfield>
  </datafield>
  <datafield tag="300" ind1=" " ind2=" ">
    <subfield code="a">239&#x9762; :</subfield>
    <subfield code="b">&#x50CF; ;</subfield>
    <subfield code="c">21&#x516C;&#x5206;</subfield>
  </datafield>
  <datafield tag="490" ind1="1" ind2=" ">
    <subfield code="a">&#x4F73;&#x8208;&#x6210;&#x9577;&#x71DF; ;</subfield>
    <subfield code="v">1.</subfield>
  </datafield>
  <datafield tag="942" ind1=" " ind2=" ">
    <subfield code="2">ccl</subfield>
    <subfield code="c">BOOK</subfield>
  </datafield>
  <datafield tag="952" ind1=" " ind2=" ">
    <subfield code="0">0</subfield>
    <subfield code="1">0</subfield>
    <subfield code="2">ccl</subfield>
    <subfield code="4">0</subfield>
    <subfield code="7">0</subfield>
    <subfield code="a">yeezen</subfield>
    <subfield code="b">yeezen</subfield>
    <subfield code="d">2020-08-03</subfield>
    <subfield code="l">3</subfield>
    <subfield code="o">177</subfield>
    <subfield code="p">C02711</subfield>
    <subfield code="r">2026-01-05 00:00:00</subfield>
    <subfield code="s">2025-12-24</subfield>
    <subfield code="w">2020-08-03</subfield>
    <subfield code="y">BOOK</subfield>
    <subfield code="z">&#x77ED;&#x66AB;&#x7684;&#x5E78;&#x798F;&#x9760;&#x611F;&#x53D7;&#xFF0C;&#x9577;&#x671F;&#x7684;&#x5E78;&#x798F;&#x9760;&#x7AF6;&#x722D;&#x529B;,&#x9019;&#x5C31;&#x662F;&#x300A;&#x5E78;&#x798F;&#x7AF6;&#x722D;&#x529B;&#x300B;&#x7684;&#x7531;&#x4F86;&#x3002;</subfield>
  </datafield>
</record>
